00513nam a22001697a 4500008004100000080001000041245008500051260003900136300003100175490001700206505002200223650002200245650002700267650001400294650001500308700002000323150610b xxu||||| |||| 00| 0 eng d a656.200aThe railroaders.cBy the editors of Time-Life Books, with text by Keith Wheeler. aNew York,bTime-Life Booksc[1973] a240 f. :bme il. :c29 cm. aThe Old West aIndex: f. 238-240 0aPacific railroads 0aHekurudhat e Pacefikut 0aRailroads 0ahekurudhat1 aWheeler, Keith.